000 00606cam a2200181 4500500
005 20260329002729.0
041 _afre
042 _adc
100 1 0 _aEilenberger, Wolfram
_eauthor
245 0 0 _aMarilyn Yalom : « Les femmes se battent pour reprendre possession de leur poitrine »
260 _c2013.
500 _a96
690 _aAngelina Jolie
690 _aCancer
690 _aMarilyn Yalom
786 0 _nPhilosophie magazine | 71 | 7 | 2013-07-01 | p. 13-13 | 1951-1787
856 4 1 _uhttps://shs.cairn.info/magazine-philosophie-magazine-2013-7-page-13?lang=fr&redirect-ssocas=7080
999 _c1817841
_d1817841